00476 2200181 4500001002100000005001500021035002000036245004900056100001900105250001200124300003400136260003100170082000800201084001400209008003900223990001600262990001600278INLIS00000000000194920191017021410 a0010-10190001431 aSebuah Ruang Cerita Maddah /cRisa Saraswati0 aRisa Saraswati aCet1.-- ax + 330 halaman ;c14 x 20 cm aJakarta :bRak Buku,c2015 a813 a813 RIS s191017 | | |  a00000001678 a00000001678